[Event "HUN-chT2 Maroczy 1819"]
[Site "Hungary"]
[Date "2019.03.10"]
[Round "9.9"]
[White "Istvanovszky, Kalman"]
[Black "Pesztericz, Laszlo"]
[Result "1/2-1/2"]
[WhiteElo "2224"]
[BlackElo "1979"]
[PlyCount "66"]
[EventDate "2018.09.23"]
[EventType "team-tourn"]
[EventRounds "11"]
[EventCountry "HUN"]
[SourceTitle "EXT 2020"]
[Source "ChessBase"]
[SourceDate "2019.10.17"]
[SourceVersion "1"]
[SourceVersionDate "2019.10.17"]
[SourceQuality "1"]
[WhiteTeam "Debrecen Kwizda"]
[BlackTeam "Budapest Vasas"]
[WhiteTeamCountry "HUN"]
[BlackTeamCountry "HUN"]

1. b3 Nf6 2. Bb2 g6 3. e4 d6 4. Be2 e5 5. d3 Bg7 6. Nd2 c5 7. Bf3 Nc6 8. Ne2 Be6 9. h3 0-0 10. g4 h6 11. Ng3 d5 12. Bg2 dxe4 13. dxe4 Nd4 14. Ndf1 a5 15. Ne3 a4 16. 0-0 axb3 17. axb3 b5 18. Ne2 Rxa1 19. Bxa1 b4 20. Nc1 Qa8 21. Nd3 Rd8 22. Re1 Qc8 23. Qb1 Qc7 24. Nb2 Nd7 25. Nbc4 Nb6 26. c3 Nxc4 27. bxc4 bxc3 28. Bxc3 Qa7 29. Nd5 Rb8 30. Qd1 Qa3 31. Qa1 Qb3 32. Bxd4 exd4 33. Qc1 Ra8 1/2-1/2

[Event "HUN-chT2 Maroczy 1819"]
[Site "Hungary"]
[Date "2019.02.10"]
[Round "7.10"]
[White "Pesztericz, Laszlo"]
[Black "Fekete, Albert"]
[Result "0-1"]
[WhiteElo "1979"]
[BlackElo "2194"]
[PlyCount "102"]
[EventDate "2018.09.23"]
[EventType "team-tourn"]
[EventRounds "11"]
[EventCountry "HUN"]
[SourceTitle "EXT 2020"]
[Source "ChessBase"]
[SourceDate "2019.10.17"]
[SourceVersion "1"]
[SourceVersionDate "2019.10.17"]
[SourceQuality "1"]
[WhiteTeam "Budapest Vasas"]
[BlackTeam "Kisujszallas"]
[WhiteTeamCountry "HUN"]
[BlackTeamCountry "HUN"]

1. d4 g6 2. c4 Bg7 3. Nc3 d6 4. e4 Nf6 5. f4 0-0 6. Nf3 c5 7. d5 e6 8. Be2 exd5 9. cxd5 Re8 10. e5 dxe5 11. fxe5 Ng4 12. Bg5 f6 13. exf6 Bxf6 14. Qd2 Bxg5 15. Qxg5 Ne3 16. Qxd8 Rxd8 17. Kf2 Ng4+ 18. Kg3 Nf6 19. a4 Bg4 20. h3 Bf5 21. Bc4 a6 22. Rhe1 Kf8 23. Kf4 b6 24. g4 Bc8 25. Ng5 Ra7 26. Ne6+ Bxe6 27. Rxe6 Rf7 28. Kg5 Nbd7 29. Bxa6 Kg7 30. Rae1 Rdf8 31. Re7 Ng8 32. Rxf7+ Rxf7 33. Kh4 Rf3 34. g5 h5 35. gxh6+ Nxh6 36. Bc8 Nf6 37. d6 Nf7 38. Ne4 Rf4+ 39. Kg3 Rxe4 40. Rd1 Rd4 41. Rxd4 cxd4 42. d7 Kf8 43. b4 Ke7 44. a5 bxa5 45. bxa5 Nd6 46. a6 Nb5 47. Kf4 Nxd7 48. Bb7 Nc5 49. h4 Kd6 50. Bc8 d3 51. Kg5 Ne6+ 0-1

[Event "Banska Stiavnica V4 op"]
[Site "Banska Stiavnica"]
[Date "2018.07.15"]
[Round "9"]
[White "Pesztericz, Laszlo"]
[Black "Sarkozi, Szabolcs"]
[Result "0-1"]
[WhiteElo "1980"]
[BlackElo "1808"]
[PlyCount "92"]
[EventDate "2018.07.07"]
[EventType "swiss"]
[EventRounds "9"]
[EventCountry "SVK"]
[SourceTitle "CBM 185 Extra"]
[Source "ChessBase"]
[SourceDate "2018.07.29"]
[SourceVersion "1"]
[SourceVersionDate "2018.07.29"]
[SourceQuality "1"]

1. e4 g6 2. d4 d6 3. c4 Nf6 4. Nc3 Bg7 5. f4 0-0 6. Nf3 c5 7. d5 b5 8. e5 Ng4 9. h3 Nh6 10. Bd3 bxc4 11. Bxc4 Ba6 12. Bxa6 Nxa6 13. 0-0 Rb8 14. g4 Qc7 15. Qe2 c4 16. Be3 Nb4 17. a4 Nd3 18. Nb5 Qb7 19. Nxa7 Qxd5 20. Nb5 dxe5 21. fxe5 Nxe5 22. Nxe5 Qxe5 23. Rfe1 Qg3+ 24. Qg2 Qxg2+ 25. Kxg2 f5 26. Bxh6 Bxh6 27. Rxe7 fxg4 28. hxg4 Rf4 29. Kg3 Rbf8 30. Ra3 Rf1 31. Re2 Rg1+ 32. Kh3 Bf4 33. Re4 g5 34. Nd4 Rf6 35. Nf5 h5 36. Ne7+ Kf7 37. gxh5 g4+ 38. Kh4 Bd6 39. Nd5 Bxa3 40. Nxf6 Be7 41. Rxe7+ Kxe7 42. Nxg4 Rb1 43. h6 Kf8 44. Ne3 Rxb2 45. Kg5 c3 46. Kg6 Kg8 0-1

[Event "Sachsen-Anhalt Verbandsliga 2017/18"]
[Site "Sachsen Anhalt"]
[Date "2018.01.21"]
[Round "4.4"]
[White "Leonhardt, Karl Heinz"]
[Black "Pesztericz, Laszlo"]
[Result "1/2-1/2"]
[WhiteElo "2134"]
[BlackElo "2035"]
[PlyCount "31"]
[EventDate "2017.12.22"]
[EventType "team-tourn"]
[EventRounds "9"]
[EventCountry "GER"]
[SourceTitle "EXT 2020"]
[Source "ChessBase"]
[SourceDate "2019.10.17"]
[SourceVersion "1"]
[SourceVersionDate "2019.10.17"]
[SourceQuality "1"]
[WhiteTeam "Halle USV II"]
[BlackTeam "Magdeburg Rochade"]
[WhiteTeamCountry "GER"]
[BlackTeamCountry "GER"]

1. d4 Nf6 2. Nf3 g6 3. c4 Bg7 4. Nc3 d6 5. e4 0-0 6. Be2 e5 7. 0-0 Nc6 8. d5 Ne7 9. Ne1 Ne8 10. Nd3 f5 11. f4 fxe4 12. Nxe4 Nf5 13. fxe5 dxe5 14. Bg5 Nf6 15. Nxe5 Qe7 16. Bxf6 1/2-1/2

[Event "Banska Stiavnica V4 op"]
[Site "Banska Stiavnica"]
[Date "2017.07.12"]
[Round "5"]
[White "Slaba, Andrea"]
[Black "Pesztericz, Laszlo"]
[Result "1/2-1/2"]
[WhiteElo "1905"]
[BlackElo "2081"]
[PlyCount "89"]
[EventDate "2017.07.08"]
[EventType "swiss"]
[EventRounds "9"]
[EventCountry "SVK"]
[SourceTitle "CBM 179 Extra"]
[Source "ChessBase"]
[SourceDate "2017.08.23"]
[SourceVersion "1"]
[SourceVersionDate "2017.08.23"]
[SourceQuality "1"]

1. Nf3 Nf6 2. c4 g6 3. g3 Bg7 4. Bg2 d6 5. 0-0 0-0 6. d3 e5 7. Nc3 Nc6 8. Bd2 h6 9. Rb1 a5 10. a3 Be6 11. b4 axb4 12. axb4 Qd7 13. b5 Nd4 14. Nxd4 exd4 15. Bxb7 dxc3 16. Bxa8 Rxa8 17. Bxc3 d5 18. c5 d4 19. Bd2 Bd5 20. f3 Qh3 21. Rf2 Bf8 22. b6 cxb6 23. cxb6 Bd6 24. b7 Rb8 25. Qa4 Be5 26. Bf4 Bxf4 27. gxf4 Qd7 28. Qxd4 Kg7 29. e4 Rxb7 30. Rxb7 Bxb7 31. Qxd7 Nxd7 32. Rb2 Ba6 33. d4 Kf6 34. Kf2 Ke6 35. Ke3 Kd6 36. e5+ Kd5 37. Ra2 Bc4 38. Ra5+ Ke6 39. Ra1 Nb6 40. Rc1 Nd5+ 41. Ke4 f5+ 42. exf6 Nxf6+ 43. Ke3 Nd5+ 44. Ke4 Nf6+ 45. Ke3 1/2-1/2

[Event "Corund Ceramica op 2nd"]
[Site "Corund"]
[Date "2016.09.15"]
[Round "2"]
[White "Nester, Ihor"]
[Black "Pesztericz, Laszlo"]
[Result "1-0"]
[WhiteElo "2346"]
[BlackElo "2070"]
[PlyCount "103"]
[EventDate "2016.09.14"]
[EventType "swiss"]
[EventRounds "7"]
[EventCountry "ROU"]
[SourceTitle "CBM 174 Extra"]
[Source "ChessBase"]
[SourceDate "2016.10.10"]
[SourceVersion "1"]
[SourceVersionDate "2016.10.10"]
[SourceQuality "1"]

1. Nf3 Nf6 2. c4 g6 3. d4 Bg7 4. g3 d6 5. Bg2 0-0 6. 0-0 Nc6 7. Nc3 e5 8. d5 Ne7 9. e4 Ne8 10. Ne1 f5 11. Nd3 Nf6 12. Bg5 h6 13. Bxf6 Bxf6 14. f4 exf4 15. Nxf4 Be5 16. Qd2 c6 17. Kh1 g5 18. Nd3 Bg7 19. dxc6 bxc6 20. exf5 Bxf5 21. Nb4 Qc7 22. Nxc6 Nxc6 23. Qd5+ Kh8 24. Rxf5 Nd4 25. Rxf8+ Rxf8 26. Rd1 Rf5 27. Qe4 Qf7 28. Qa8+ Qf8 29. Qxf8+ Rxf8 30. Rd2 Be5 31. Bd5 Kg7 32. Kg2 Nf5 33. Nd1 a5 34. Be4 Ne7 35. Nf2 Rc8 36. b3 a4 37. Ng4 axb3 38. axb3 Rb8 39. Nxe5 dxe5 40. Rd3 Ng8 41. Rd7+ Kf6 42. Rb7 Rd8 43. Rb6+ Kg7 44. Rb7+ Kf6 45. c5 Rd2+ 46. Kf3 Rxh2 47. c6 Rh1 48. b4 Ne7 49. b5 Rc1 50. Rd7 Ke6 51. Rd8 Rc5 52. b6 1-0

[Event "Oberliga Ost-A 1516"]
[Site "Germany"]
[Date "2016.03.13"]
[Round "9.7"]
[White "Pesztericz, Laszlo"]
[Black "Zimmermann, Rene"]
[Result "1/2-1/2"]
[WhiteElo "2084"]
[BlackElo "2134"]
[PlyCount "80"]
[EventDate "2015.09.20"]
[EventType "team-tourn"]
[EventRounds "11"]
[EventCountry "GER"]
[SourceTitle "EXT 2017"]
[Source "ChessBase"]
[SourceDate "2016.10.25"]
[SourceVersion "1"]
[SourceVersionDate "2016.10.25"]
[SourceQuality "1"]
[WhiteTeam "Magdeburg Rochade"]
[BlackTeam "Dresden Gruen Weiss"]
[WhiteTeamCountry "GER"]
[BlackTeamCountry "GER"]

1. e4 e6 2. d4 d5 3. Nc3 Bb4 4. e5 c5 5. Bd2 Ne7 6. Nb5 Bxd2+ 7. Qxd2 0-0 8. f4 a6 9. Nd6 cxd4 10. Nf3 Nbc6 11. 0-0-0 f6 12. Nxc8 Rxc8 13. exf6 Rxf6 14. Bd3 Qb6 15. Kb1 Nb4 16. g3 Rc3 17. Bxh7+ Kxh7 18. Ng5+ Kg8 19. Qxd4 Qxd4 20. Rxd4 Rc4 21. Rxc4 dxc4 22. Re1 Nbd5 23. Nxe6 c3 24. bxc3 Nxc3+ 25. Kb2 Ned5 26. Kb3 b5 27. Re5 g6 28. h4 Rf7 29. Rg5 Rf6 30. Re5 Na4 31. c4 Ndc3 32. cxb5 axb5 33. Nd4 Rb6 34. Nxb5 Nxb5 35. Kxa4 Nc3+ 36. Ka5 Rb8 37. h5 gxh5 38. Rxh5 Nxa2 39. Rb5 Rxb5+ 40. Kxb5 Nc3+ 1/2-1/2

[Event "Oberliga Ost-A 1516"]
[Site "Germany"]
[Date "2015.12.13"]
[Round "5.4"]
[White "Pesztericz, Laszlo"]
[Black "Braeuer, Felix"]
[Result "1/2-1/2"]
[WhiteElo "2084"]
[BlackElo "2183"]
[PlyCount "53"]
[EventDate "2015.09.20"]
[EventType "team-tourn"]
[EventRounds "11"]
[EventCountry "GER"]
[SourceTitle "EXT 2017"]
[Source "ChessBase"]
[SourceDate "2016.10.25"]
[SourceVersion "1"]
[SourceVersionDate "2016.10.25"]
[SourceQuality "1"]
[WhiteTeam "Magdeburg Rochade"]
[BlackTeam "Bannewitz"]
[WhiteTeamCountry "GER"]
[BlackTeamCountry "GER"]

1. e4 e5 2. Nf3 Nc6 3. d4 exd4 4. Bc4 Nf6 5. 0-0 Nxe4 6. Re1 d5 7. Bxd5 Qxd5 8. Nc3 Qa5 9. Nxe4 Be6 10. Neg5 0-0-0 11. Nxe6 fxe6 12. Rxe6 Be7 13. Qe2 Bf6 14. Bd2 Qd5 15. Qe4 Qxe4 16. Rxe4 Rhe8 17. Rae1 Rxe4 18. Rxe4 Rd5 19. Kf1 Rc5 20. Ne1 Kd7 21. Ke2 Nd8 22. Kd1 Rd5 23. Nd3 c5 24. Nf4 Re5 25. Nd3 Rd5 26. Nf4 Re5 27. Nd3 1/2-1/2

[Event "Budapest-chT1 Lilienthal 1516"]
[Site "Budapest"]
[Date "2015.10.11"]
[Round "3"]
[White "Pesztericz, Laszlo"]
[Black "Seres, Bela"]
[Result "0-1"]
[WhiteElo "2084"]
[BlackElo "2222"]
[PlyCount "64"]
[EventDate "2015.09.20"]
[EventType "team-tourn"]
[EventRounds "9"]
[EventCountry "HUN"]
[SourceTitle "EXT 2021"]
[Source "ChessBase"]
[SourceDate "2020.10.23"]
[SourceVersion "1"]
[SourceVersionDate "2020.10.23"]
[SourceQuality "1"]
[WhiteTeam "Budapest Vasas II"]
[BlackTeam "Fabulon"]
[WhiteTeamCountry "HUN"]
[BlackTeamCountry "HUN"]

1. e4 g6 2. d4 Bg7 3. c4 c5 4. d5 e6 5. Nc3 Ne7 6. f4 exd5 7. cxd5 d6 8. Nf3 0-0 9. Be2 a6 10. a4 Bg4 11. 0-0 Nd7 12. Nd2 Bxe2 13. Qxe2 Re8 14. Nc4 Nb6 15. a5 Nxc4 16. Qxc4 b5 17. axb6 Qxb6 18. Ra4 Kh8 19. Kh1 f5 20. e5 dxe5 21. fxe5 Bxe5 22. Bf4 Bxf4 23. Qxf4 Nc8 24. b4 cxb4 25. Rxb4 Qe3 26. Qc7 Ra7 27. Qc6 Qe5 28. Rc4 Nd6 29. Rc5 Nb7 30. d6 Nxc5 31. Nd5 Rd7 32. Qxc5 Rxd6 0-1

[Event "SVK-ch op"]
[Site "Banska Stiavnica"]
[Date "2015.07.09"]
[Round "6"]
[White "Pesztericz, Laszlo"]
[Black "Kantorik, Marian"]
[Result "0-1"]
[WhiteElo "2065"]
[BlackElo "2265"]
[PlyCount "70"]
[EventDate "2015.07.04"]
[EventType "swiss"]
[EventRounds "9"]
[EventCountry "SVK"]
[SourceTitle "CBM 167 Extra"]
[Source "ChessBase"]
[SourceDate "2015.09.14"]
[SourceVersion "1"]
[SourceVersionDate "2015.09.14"]
[SourceQuality "1"]

1. e4 e6 2. d4 d5 3. Nc3 Nf6 4. Bg5 Be7 5. e5 Nfd7 6. Bxe7 Qxe7 7. f4 0-0 8. Nf3 c5 9. dxc5 Nxc5 10. Be2 Nc6 11. 0-0 f6 12. exf6 Qxf6 13. g3 Bd7 14. Nxd5 Qxb2 15. Ne3 Rad8 16. Bc4 Be8 17. Qe2 Kh8 18. Rad1 Bh5 19. g4 Bg6 20. Rxd8 Rxd8 21. f5 exf5 22. Nxf5 Re8 23. Qd2 Ne4 24. Qd7 Rd8 25. Qc7 Bxf5 26. gxf5 Rf8 27. Bb3 Nd4 28. Ne5 Nxb3 29. axb3 Qd4+ 30. Kh1 Qd5 31. Nf3 h6 32. c4 Qd3 33. Kg1 Qe3+ 34. Kh1 Kh7 35. Qxb7 Rxf5 0-1

[Event "Oberliga Ost-A 1415"]
[Site "Germany"]
[Date "2015.01.17"]
[Round "6.4"]
[White "Mertens, Fridolin"]
[Black "Pesztericz, Laszlo"]
[Result "1-0"]
[WhiteElo "2098"]
[BlackElo "2098"]
[PlyCount "99"]
[EventDate "2014.09.21"]
[EventType "team-tourn"]
[EventRounds "11"]
[EventCountry "GER"]
[SourceTitle "EXT 2016"]
[Source "ChessBase"]
[SourceDate "2015.10.08"]
[SourceVersion "1"]
[SourceVersionDate "2015.10.08"]
[SourceQuality "1"]
[WhiteTeam "Loeberitz"]
[BlackTeam "Magdeburg Rochade"]
[WhiteTeamCountry "GER"]
[BlackTeamCountry "GER"]

1. e4 e5 2. Nf3 Nc6 3. Bb5 a6 4. Ba4 Nf6 5. d3 d6 6. c3 Be7 7. 0-0 0-0 8. Re1 b5 9. Bb3 Na5 10. Bc2 c5 11. Nbd2 Nc6 12. Nf1 h6 13. h3 Re8 14. d4 Bf8 15. d5 Ne7 16. N3h2 Ng6 17. Ng3 Nf4 18. Qf3 g5 19. Ng4 Nxg4 20. hxg4 Ng6 21. Nf5 Nh4 22. Qe2 Bd7 23. g3 Nxf5 24. gxf5 Bg7 25. Kg2 Qf6 26. Be3 b4 27. cxb4 cxb4 28. Bd3 a5 29. Rec1 Qd8 30. Ba6 Bc8 31. Bxc8 Rxc8 32. Rxc8 Qxc8 33. Rc1 Qd7 34. Rc6 Ra8 35. Qb5 Bf8 36. Bb6 g4 37. Qe2 h5 38. Rc7 Qe8 39. f3 gxf3+ 40. Qxf3 f6 41. Kh3 Bh6 42. Be3 Bg5 43. Bxg5 fxg5 44. Qe3 Qd8 45. Qc1 Qf6 46. Kg2 Rf8 47. Ra7 g4 48. Rxa5 Qd8 49. Ra7 Qb6 50. Qg5+ 1-0

[Event "Oberliga Ost-A 1415"]
[Site "Germany"]
[Date "2014.12.07"]
[Round "5.5"]
[White "Pesztericz, Laszlo"]
[Black "Wappler, Marcus"]
[Result "1/2-1/2"]
[WhiteElo "2098"]
[BlackElo "2209"]
[PlyCount "120"]
[EventDate "2014.09.21"]
[EventType "team-tourn"]
[EventRounds "11"]
[EventCountry "GER"]
[SourceTitle "EXT 2016"]
[Source "ChessBase"]
[SourceDate "2015.10.08"]
[SourceVersion "1"]
[SourceVersionDate "2015.10.08"]
[SourceQuality "1"]
[WhiteTeam "Magdeburg Rochade"]
[BlackTeam "Dresden Gruen Weiss"]
[WhiteTeamCountry "GER"]
[BlackTeamCountry "GER"]

1. e4 d6 2. d4 Nf6 3. Nc3 e5 4. Nf3 Nbd7 5. Be2 Be7 6. 0-0 0-0 7. h3 c6 8. Be3 Qc7 9. a4 b6 10. Qd2 a6 11. Nh2 Bb7 12. f4 exd4 13. Bxd4 c5 14. Bxf6 Nxf6 15. Bf3 Bc6 16. Rad1 b5 17. axb5 axb5 18. e5 dxe5 19. fxe5 b4 20. exf6 bxc3 21. Qxc3 Bxf6 22. Qxc5 Rfc8 23. Bxc6 Qxc6 24. Qxc6 Rxc6 25. c3 Rb6 26. Ng4 Rxb2 27. Nxf6+ gxf6 28. Rd3 Ra6 29. Rf4 Rc2 30. Rd8+ Kg7 31. Rg4+ Kh6 32. Rdg8 Ra5 33. c4 Rc5 34. Rh4+ Rh5 35. Rf4 Rg5 36. Rxf6+ Rg6 37. Rfxg6+ fxg6 38. Rc8 Kg5 39. Kh2 Rc3 40. c5 h5 41. c6 h4 42. Kg1 Rc2 43. Kf1 Kf4 44. Ke1 Kg3 45. c7 Kxg2 46. Rg8 Rxc7 47. Rxg6+ Kxh3 48. Kf2 Rc2+ 49. Kg1 Rc1+ 50. Kf2 Kh2 51. Rg8 Ra1 52. Rg7 h3 53. Rg8 Ra7 54. Rg6 Rf7+ 55. Ke2 Kh1 56. Rg8 Rf5 57. Rg7 Ra5 58. Kf2 Ra2+ 59. Kf1 Ra1+ 60. Kf2 Ra2+ 1/2-1/2